<?xml version="1.0" encoding="UTF-8"?>
<record
    xmlns:xsi="http://www.w3.org/2001/XMLSchema-instance"
    xsi:schemaLocation="http://www.loc.gov/MARC21/slim http://www.loc.gov/standards/marcxml/schema/MARC21slim.xsd"
    xmlns="http://www.loc.gov/MARC21/slim">

  <leader>00395cam a22001097a 4500</leader>
  <controlfield tag="008">180718bn.d.   xxu||||| |||| 00| 0 eng d</controlfield>
  <datafield tag="082" ind1=" " ind2=" ">
    <subfield code="a">B12421x5421 Ut8</subfield>
  </datafield>
  <datafield tag="245" ind1=" " ind2=" ">
    <subfield code="a">Survey of living conditions of harijans in Uttar Pradesh: a sample survey</subfield>
    <subfield code="c">by J.K. Institute of Survey</subfield>
  </datafield>
  <datafield tag="260" ind1=" " ind2=" ">
    <subfield code="a">Lucknow</subfield>
    <subfield code="b">Harijan Welfare Department</subfield>
    <subfield code="c">n.d.</subfield>
  </datafield>
  <datafield tag="300" ind1=" " ind2=" ">
    <subfield code="a">60p.</subfield>
  </datafield>
  <datafield tag="700" ind1=" " ind2=" ">
    <subfield code="a">Uttar Pradesh. J.K. Institute of Survey</subfield>
  </datafield>
  <datafield tag="999" ind1=" " ind2=" ">
    <subfield code="c">488078</subfield>
    <subfield code="d">488078</subfield>
  </datafield>
  <datafield tag="952" ind1=" " ind2=" ">
    <subfield code="0">0</subfield>
    <subfield code="1">0</subfield>
    <subfield code="4">0</subfield>
    <subfield code="7">0</subfield>
    <subfield code="a">IIPA</subfield>
    <subfield code="b">IIPA</subfield>
    <subfield code="d">2018-08-04</subfield>
    <subfield code="o">B12421x5421 Ut8</subfield>
    <subfield code="p">GG682</subfield>
    <subfield code="r">2018-08-04</subfield>
    <subfield code="w">2018-08-04</subfield>
    <subfield code="y">GG</subfield>
  </datafield>
</record>
